[Event "Ceske Budejovice op-B"]
[Site "Ceske Budejovice"]
[Date "2022.07.09"]
[Round "9"]
[White "Jirik, Radovan"]
[Black "Sudrich, Radek1111"]
[Result "1-0"]
[WhiteElo "1511"]
[BlackElo "1192"]
[PlyCount "29"]
[EventDate "2022.07.01"]
[EventType "swiss"]
[EventRounds "9"]
[EventCountry "CZE"]
[SourceTitle "EXT 2023"]
[Source "ChessBase"]
[SourceDate "2022.10.05"]
[SourceVersion "1"]
[SourceVersionDate "2022.10.05"]
[SourceQuality "1"]

1. d4 d5 2. c4 e5 3. e3 dxc4 4. Bxc4 exd4 5. Qb3 Qe7 6. Nf3 dxe3 7. Bxe3 Qb4+ 8. Nc3 Nc6 9. Bxf7+ Kd8 10. Rd1+ Bd7 11. Bxg8 Na5 12. Bg5+ Kc8 13. Qf7 Nc6 14. Qxd7+ Kb8 15. Qd8+ 1-0

[Event "Ceske Budejovice op-B"]
[Site "Ceske Budejovice"]
[Date "2022.07.08"]
[Round "8"]
[White "Tomecek, Marian"]
[Black "Jirik, Radovan"]
[Result "1/2-1/2"]
[WhiteElo "1302"]
[BlackElo "1511"]
[PlyCount "103"]
[EventDate "2022.07.01"]
[EventType "swiss"]
[EventRounds "9"]
[EventCountry "CZE"]
[SourceTitle "EXT 2023"]
[Source "ChessBase"]
[SourceDate "2022.10.05"]
[SourceVersion "1"]
[SourceVersionDate "2022.10.05"]
[SourceQuality "1"]

1. Nf3 Nf6 2. d4 g6 3. Nc3 d5 4. e3 Bg7 5. b3 0-0 6. Bb2 Re8 7. Be2 Nc6 8. 0-0 Bf5 9. Nh4 Qd7 10. Nb5 Bg4 11. Bxg4 Nxg4 12. h3 Nf6 13. Nf3 a6 14. Nc3 Rad8 15. Qe2 e5 16. dxe5 Nxe5 17. Nxe5 Rxe5 18. Na4 Ree8 19. Nc5 Qc8 20. Qf3 Ne4 21. Bxg7 Kxg7 22. Nxe4 Rxe4 23. c4 Qe6 24. cxd5 Rxd5 25. Rac1 c6 26. Qe2 f5 27. Rc4 Qe5 28. Rxe4 fxe4 29. Qc4 Rc5 30. Qb4 Rb5 31. Qc4 Rd5 32. a4 Kf6 33. Qb4 Qe7 34. Qb6 Qd7 35. f3 Rd1 36. Rxd1 Qxd1+ 37. Kh2 exf3 38. gxf3 Qd6+ 39. f4 g5 40. Kg3 gxf4+ 41. exf4 Qd3+ 42. Kg2 Qe4+ 43. Kg3 Qg6+ 44. Kf3 Qh5+ 45. Kg3 Qg6+ 46. Kf3 Qd3+ 47. Qe3 Qd5+ 48. Kf2 c5 49. Ke2 Qg2+ 50. Kd3 Qd5+ 51. Ke2 Qg2+ 52. Kd3 1/2-1/2

[Event "Ceske Budejovice op-B"]
[Site "Ceske Budejovice"]
[Date "2022.07.05"]
[Round "5"]
[White "Rendl, Lubos"]
[Black "Jirik, Radovan"]
[Result "1-0"]
[WhiteElo "1162"]
[BlackElo "1511"]
[PlyCount "101"]
[EventDate "2022.07.01"]
[EventType "swiss"]
[EventRounds "9"]
[EventCountry "CZE"]
[SourceTitle "EXT 2023"]
[Source "ChessBase"]
[SourceDate "2022.10.05"]
[SourceVersion "1"]
[SourceVersionDate "2022.10.05"]
[SourceQuality "1"]

1. c4 Nf6 2. Nc3 e5 3. d3 d5 4. cxd5 Nxd5 5. g3 Bb4 6. Bd2 Nxc3 7. Bxc3 Bxc3+ 8. bxc3 Qe7 9. Bg2 0-0 10. Nf3 e4 11. Nd4 exd3 12. Qxd3 Rd8 13. Rd1 Qf6 14. Qf3 Qxf3 15. Bxf3 c5 16. Nb5 Rxd1+ 17. Kxd1 Na6 18. Kc2 Bf5+ 19. Kb3 Rb8 20. Rd1 Be6+ 21. Bd5 Bf5 22. Nd6 Be6 23. Bxe6 fxe6 24. Nb5 Kf8 25. Rd7 c4+ 26. Kxc4 Rc8+ 27. Kd4 Nc5 28. Rc7 Rxc7 29. Nxc7 b6 30. Ke5 Ke7 31. Nb5 a6 32. Nd4 Nd7+ 33. Ke4 Kf6 34. Nb3 a5 35. a4 g5 36. h3 h5 37. f3 Nf8 38. Nd2 Nd7 39. Nb3 Nf8 40. g4 h4 41. Nd2 Nd7 42. Nb3 Nf8 43. Kd4 Ng6 44. e3 Ne7 45. Nd2 Nd5 46. c4 Nc7 47. Ne4+ Kf7 48. Nxg5+ Kf6 49. Ne4+ Kg6 50. Ke5 Kf7 51. Kd6 1-0